Psicología, lógica

Gardado en:
Detalles Bibliográficos
Autor Principal: Fernández Riffo, Pedro (Author)
Formato: Libro
Idioma:Lingua castelá
Publicado: Santiago Escuela Nacional de Artes Gráficas 1942
Subjects:
Tags: Engadir etiqueta
Sen Etiquetas, Sexa o primeiro en etiquetar este rexistro!

MARC

LEADER 00000nam a2200000 a 4500
001 UCY4947
003 CL-VaPUC
008 950406e19420000CL |||||||||||||||||spa|d
082 0 4 |a 150  |b FER  |2 21 
100 0 |a Fernández Riffo, Pedro  |e author  |9 333485 
245 1 0 |a Psicología, lógica 
300 |a 307 p 
942 |c BK 
945 |d 19950406 00:00:00  |a rbrito 
260 |a Santiago  |b Escuela Nacional de Artes Gráficas  |c 1942 
650 0 |a Psicología   |9 257863 
650 0 |a Lógica  |9 256849 
583 |a last modification  |c 19950406 00:00:00  |k Rodrigo Vera 
999 |c 232695  |d 232693 
952 |0 0  |1 0  |4 0  |6 150_000000000000000_FER_1942  |7 0  |8 P  |9 237505  |a BIBEDU  |b BIBEDU  |c BIBEDU_PB  |d 2019-11-15  |i 3073688  |o 150 FER 1942  |p 3073688  |r 2024-01-25  |w 2019-11-15  |y BK  |k EDU